Théâtre du XXIe siècle : Commencements (notice n° 2163700)

détails MARC
000 -LEADER
fixed length control field 01426cam a2200145 4500500
005 - DATE AND TIME OF LATEST TRANSACTION
control field 20260405040628.0
041 ## - LANGUAGE CODE
Language code of text/sound track or separate title fre
042 ## - AUTHENTICATION CODE
Authentication code dc
100 10 - MAIN ENTRY--PERSONAL NAME
Personal name Sermon, Julie
Relator term author
245 00 - TITLE STATEMENT
Title Théâtre du XXIe siècle : Commencements
260 ## - PUBLICATION, DISTRIBUTION, ETC.
Name of publisher, distributor, etc. Armand Colin,<br/>
Date of publication, distribution, etc. 2012.<br/>
520 ## - SUMMARY, ETC.
Summary, etc. Au tournant des deux siècles des mouvements de transformation dans les pratiques théâtrales paraissent assez puissants pour dessiner de nouvelles lignes de force et introduire dans les manières d’écrire, de dire et de faire du théâtre des changements durables. Dans ce texte à deux voix, Jean-Pierre Ryngaert analyse les principales mutations qui ont marqué les « fabriques d’écriture » et les « façons de raconter » des histoires. Julie Sermon, dans une partie intitulée « Le vivant et la technique », examine les renouvellements des formes de jeu, de narration et de représentation, liés aux dialogues que les auteurs et les praticiens de la scène instaurent avec les langages et les outils propres à leur environnement technologique. L’approche dramaturgique et pédagogique commune propose au lecteur des entrées multiples afin de saisir et questionner les enjeux d’une réalité théâtrale qui s’est considérablement diversifiée.
700 10 - ADDED ENTRY--PERSONAL NAME
Personal name Ryngaert, Jean-Pierre
Relator term author
856 41 - ELECTRONIC LOCATION AND ACCESS
Uniform Resource Identifier <a href="https://shs.cairn.info/theatre-du-xxie-siecle--9782200271428?lang=fr&redirect-ssocas=7080">https://shs.cairn.info/theatre-du-xxie-siecle--9782200271428?lang=fr&redirect-ssocas=7080</a>

Pas d'exemplaire disponible.

PLUDOC

PLUDOC est la plateforme unique et centralisée de gestion des bibliothèques physiques et numériques de Guinée administré par le CEDUST. Elle est la plus grande base de données de ressources documentaires pour les Étudiants, Enseignants chercheurs et Chercheurs de Guinée.

Adresse

627 919 101/664 919 101

25 boulevard du commerce
Kaloum, Conakry, Guinée

Réseaux sociaux

Powered by Netsen Group @ 2025